Statistics for Prove that you know what a car is

Click here to take the quiz!

General Stats

  • This quiz has been taken 40 times
  • The average score is 9 of 9

Answer Stats

QuestionTileSelect% Correct
Which of these are a car?Yes
100%
Which of these are a car?No
100%
Which of these are a car?No
100%
Which of these are a car?No
100%
Which of these are a car?No
97%
Which of these are a car?Yes
97%
Which of these are a car?Yes
97%
Which of these are a car?Yes
97%
Which of these are a car?Yes
94%

Score Distribution

Percentile by Number Answered

Percent of People with Each Score

Your Score History

You have not taken this quiz